Statistiken für Kantone der Helvetischen Republik (mit Karte!)

Klicken Sie hier um das Quiz zu spielen!

Allgemein

  • Dieses Quiz wurde 30 mal gespielt
  • Das Durchschnittsergebnis liegt bei 13 aus 19

Antworten auf der Karte

Die Antworten werden auf der Karte rot bzw. grün angezeigt, abhängig davon wie oft sie richtig erraten wurden.
Laden ...
 

Antwortstatistiken

Kanton% Korrekt
Zürich
100%
Rhätien
96%
Bern
96%
Thurgau
96%
Basel
91%
Wallis
91%
Schaffhausen
91%
Aargau
87%
Luzern
87%
Solothurn
83%
Léman
83%
Freiburg
74%
Lugano
48%
Oberland
39%
Bellinzona
35%
Baden
30%
Säntis
30%
Waldstätten
30%
Linth
26%

Verteilung der Resultate

Perzentil nach korrekt beantworteten Fragen

Anzahl Personen mit jedem Resultat

Ihre Resultats-Entwicklung

Sie haben dieses Quiz noch nicht gespielt